zpět

Detail výsledku týmu

MaxWilliam, Znojmo

Datum a čas kvízu

12 Celkem bodů Celkový počet nahraných bodů na tomto kvízu bez doplňovacích otázek.
7. Pořadí na kvízu Konečné umístění týmu na tomto kvízu.

Zaznamenané odpovědi

# Otázka Odpověď Body Výsledky
1. Veterináři po 20 letech zjisti... 1
2. Anglická motoristická žurnalis... 1
3. Česká televize v loňském roce... 0
4. Evropská unie vydala ve středu... 1
5. Minulý týden se začala prodáva... 1
6. Vzpomeňme v tomto tématu na zř... 0
7. Vyberte pravdivé tvrzení o For... 1
8. Jedno z jeho prvních děl bylo... 1
9. „Ježíši Kriste, přechytračil j... 0
10. Pěknou vzpomínku na Formana na... 0